Mathematics in Western culture
保存先:
| 第一著者: | |
|---|---|
| フォーマット: | 図書 |
| 言語: | Undetermined |
| 出版事項: |
England
Penguin books
1987
|
| 主題: | |
| タグ: |
タグ追加
タグなし, このレコードへの初めてのタグを付けませんか!
|
| Thư viện lưu trữ: | Trung tâm Học liệu Trường Đại học Cần Thơ |
|---|
| LEADER | 00435nam a2200169Ia 4500 | ||
|---|---|---|---|
| 001 | CTU_78542 | ||
| 008 | 210402s9999 xx 000 0 und d | ||
| 082 | |a 510.9 | ||
| 082 | |b K65 | ||
| 100 | |a Kline, Morris | ||
| 245 | 0 | |a Mathematics in Western culture | |
| 245 | 0 | |c Morris Kline | |
| 260 | |a England | ||
| 260 | |b Penguin books | ||
| 260 | |c 1987 | ||
| 650 | |a Mathematics | ||
| 980 | |a Trung tâm Học liệu Trường Đại học Cần Thơ | ||